| 000 | 00696cam a22002172 4500 | ||
|---|---|---|---|
| 001 | 0000000103 | ||
| 005 | 20151217151744.0 | ||
| 008 | 070110s xx 000 0 eng d | ||
| 020 |
_a1405116935 : _cGBP 19.99 |
||
| 040 |
_aKABU _cKABU |
||
| 245 | 1 | 0 |
_aPsychological development and early childhood / _c[ed. by] John Oates, C. Wood and A. Grayson. |
| 260 |
_aMilton Keynes, England : _bOpen University, _c2005. |
||
| 300 | _a306 p. | ||
| 650 | 0 |
_aDevelopmental psychology. _@0000148104 |
|
| 700 | 1 |
_aOates, John. _@0000148107 |
|
| 700 | 1 |
_aWood, C. _@0000148108 |
|
| 700 | 1 |
_aGrayson, A. _@0000148109 |
|
| 908 | _a070110 | ||
| 950 | _@1 | ||
| 999 |
_c4729 _d4729 |
||